<?xml version="1.0" encoding="UTF-8"?>
<collection xmlns="http://www.loc.gov/MARC21/slim">
  <record>
    <leader>00000nam  2200000   4500</leader>
    <controlfield tag="001">INLIS000000000005376</controlfield>
    <controlfield tag="005">20190626011118</controlfield>
    <datafield tag="035" ind1="#" ind2="#">
      <subfield code="a">0010-0619000089</subfield>
    </datafield>
    <datafield tag="245" ind1="1" ind2="#">
      <subfield code="a">SIASAT JITU Sistem Informasi Alokasi dan Seleksi Anggaran Terpadu Jelas, Integratif, Tepat dan Urgen Badan Perencanaan Pembangunan, Penelitian dan Pengembangan Daerah Kabupaten Mahakam Ulu  Kalimantan Selatan /</subfield>
      <subfield code="c">Dr. Stephanus Madang, S.Sos., MM</subfield>
    </datafield>
    <datafield tag="100" ind1="1" ind2="#">
      <subfield code="a">MADANG, Stephanus</subfield>
    </datafield>
    <datafield tag="250" ind1="#" ind2="#">
      <subfield code="a">1</subfield>
    </datafield>
    <datafield tag="300" ind1="#" ind2="#">
      <subfield code="a">35 halaman ; lampiran :</subfield>
      <subfield code="b">ilustrasi ;</subfield>
      <subfield code="c">33 cm</subfield>
    </datafield>
    <datafield tag="260" ind1="#" ind2="#">
      <subfield code="a">Samarinda :</subfield>
      <subfield code="b">PKP2A III LAN,</subfield>
      <subfield code="c">2017</subfield>
    </datafield>
    <datafield tag="084" ind1="#" ind2="#">
      <subfield code="a">PII 125 2017</subfield>
    </datafield>
    <datafield tag="650" ind1="#" ind2="#">
      <subfield code="a">Proyek Perubahan</subfield>
    </datafield>
    <datafield tag="500" ind1="#" ind2="#">
      <subfield code="a">Coach : Dr. H. Suyanto, M.Si&#13;
Penguji : Mariman Darto, SE, M.Si.&#13;
Mentor : Drs. Yohanes Avun, M.Si</subfield>
    </datafield>
    <datafield tag="990" ind1="#" ind2="#">
      <subfield code="a">PII/125/2017</subfield>
    </datafield>
  </record>
</collection>
